| 000 | 00354nam a2200133Ia 4500 | ||
|---|---|---|---|
| 008 | 231129s1991||||xx |||||||||||||| ||spa|| | ||
| 040 | _bspa | ||
| 082 | _a616.4 ó75e | ||
| 100 | _aOrrego M. Arturo | ||
| 245 | 0 | _aEndocrinología | |
| 260 | _c1991 | ||
| 264 | _aMedellín Colombia: Corporación para Investigaciones Biológicas | ||
| 942 |
_2ddc _cBKS |
||
| 999 |
_c13058 _d13058 |
||